[Event "Mollerussa op-B"]
[Site "Mollerusa"]
[Date "1997.??.??"]
[Round "7"]
[White "Biosca Lacasa, Jordi"]
[Black "Longares Perez, Gregorio A"]
[Result "1-0"]
[WhiteElo "1915"]
[BlackElo "1895"]
[PlyCount "103"]
[EventDate "1997.??.??"]
[EventType "swiss"]
[EventRounds "8"]
[EventCountry "ESP"]
[SourceTitle "EXT 2003"]
[Source "ChessBase"]
[SourceDate "2002.11.25"]
[SourceVersion "1"]
[SourceVersionDate "2002.11.25"]
[SourceQuality "1"]

1. e4 e5 2. Nf3 Nc6 3. g3 Bc5 4. Bg2 Nf6 5. d3 d6 6. 0-0 0-0 7. Be3 Bb6 8. Nbd2 Bg4 9. Re1 Qd7 10. Nf1 Nd4 11. c3 Nxf3+ 12. Bxf3 Bxf3 13. Qxf3 Qh3 14. Bxb6 axb6 15. Ne3 Qe6 16. c4 c6 17. Kg2 h6 18. h4 Ra5 19. g4 g6 20. g5 hxg5 21. hxg5 Nh5 22. Ng4 Kg7 23. Rh1 Nf4+ 24. Kf1 Raa8 25. Rh6 Rh8 26. Ne3 Rxh6 27. gxh6+ Kxh6 28. Ng2 Qh3 29. Qxh3+ Nxh3 30. Ke2 f5 31. Rh1 Kg5 32. Rxh3 fxe4 33. a3 exd3+ 34. Rxd3 Rd8 35. Ne3 Kf4 36. Rb3 d5 37. cxd5 cxd5 38. Rxb6 d4 39. Ng2+ Kg5 40. Rxb7 e4 41. Rb5+ Kf6 42. a4 d3+ 43. Kd2 g5 44. Ne3 Rg8 45. Ng4+ Kg6 46. Rb6+ Kg7 47. a5 Rf8 48. a6 Rf4 49. a7 Rxg4 50. a8Q Rf4 51. Qa7+ Rf7 52. Rb7 1-0

[Event "Mollerussa op-B"]
[Site "Mollerusa"]
[Date "1997.??.??"]
[Round "8"]
[White "Longares Perez, Gregorio A"]
[Black "Sola Sendra, Francesco"]
[Result "0-1"]
[WhiteElo "1895"]
[BlackElo "1870"]
[PlyCount "132"]
[EventDate "1997.??.??"]
[EventType "swiss"]
[EventRounds "8"]
[EventCountry "ESP"]
[SourceTitle "EXT 2003"]
[Source "ChessBase"]
[SourceDate "2002.11.25"]
[SourceVersion "1"]
[SourceVersionDate "2002.11.25"]
[SourceQuality "1"]

1. e4 d5 2. exd5 Qxd5 3. Nc3 Qa5 4. Bc4 Nf6 5. h3 c6 6. Nf3 Bf5 7. a3 e6 8. Ba2 Bd6 9. d3 Bxa3 10. Bxe6 Bxe6 11. Rxa3 Qh5 12. Be3 a6 13. Bb6 Nbd7 14. Ra5 Qg6 15. Rg5 Nxb6 16. Rxg6 hxg6 17. Qe2 0-0-0 18. Qe3 Kc7 19. Ng5 Rhe8 20. Qf4+ Kc8 21. 0-0 Nbd5 22. Nxd5 Nxd5 23. Qf3 f6 24. Nxe6 Rxe6 25. Qg4 f5 26. Qf3 Nb4 27. Rc1 Na2 28. Rd1 Nb4 29. c3 Nd5 30. d4 Re4 31. g4 Rf8 32. g5 Rfe8 33. Rd2 Rf4 34. Qg3 b5 35. b3 Rfe4 36. c4 Nf4 37. Kh2 Rh8 38. cxb5 Rxh3+ 39. Qxh3 Nxh3 40. Kxh3 axb5 41. Rc2 Kd7 42. d5 cxd5 43. Rc5 Kd6 44. Rxb5 d4 45. f3 Re3 46. Kg2 Kc6 47. Rb4 Re2+ 48. Kf1 Re3 49. Rxd4 Rxf3+ 50. Kg2 Rxb3 51. Rd8 Rb7 52. Rg8 Rf7 53. Re8 Kd6 54. Ra8 Rc7 55. Ra6+ Rc6 56. Ra7 Ke5 57. Kf3 Rc3+ 58. Kg2 Kf4 59. Rxg7 Kxg5 60. Ra7 Kg4 61. Ra4+ f4 62. Ra2 g5 63. Rf2 f3+ 64. Kh2 Kh4 65. Rd2 g4 66. Rd4 Rc2+ 0-1